| 000 | 00336nam a2200109Ia 4500 | ||
|---|---|---|---|
| 008 | 200302s9999 xx 000 0 und d | ||
| 100 | _aGayle Souter-Brown | ||
| 245 | _aLandscape and Urban Design for Health and Well-Being Using Healing, Sensory and Therapertic Gardens | ||
| 260 | _bTaylor &Francis Group | ||
| 260 | _c2015 | ||
| 300 | _a318 | ||
| 999 |
_c5361 _d5361 |
||